000 02186nam0a2200361 i 4500
001 RU\NLR\bibl\1950547
005 20241101195632.0
010 _a9785744426392
_9100
021 _aRU
_b2012-66915
_94903
035 _a(nilc)RSL-KNO-005491973
035 _a(NLR Aleph) 001939697
090 _a3548387
_c3548387
100 _a20120910d2011 u y0rusy50 ca
101 0 _arus
102 _aRU
105 _aa zzzz|||||
200 1 _aСпортивная анатомия
_eучебное пособие для студентов специальностей: 032101.65 "Физическая культура и спорт", 032102.65 "Физическая культура для лиц с отклонениями в состоянии здоровья (адаптивная физическая культура)" вузов региона
_fЮ.А. Красников, Л.Н. Кацук, Н.В. Козявина [и др.]
_gМ-во образования и науки Российской Федерации, Дальневосточный федеральный ун-т, Шк. искусства, культуры и спорта, Каф. теории и методики адаптивной физической культуры
210 _aВладивосток
_cИзд-во Дальневосточного федерального ун-та
_d2011
215 _a161, [2] с.
_cил.
_d21
320 _aБиблиогр. в конце кн.
606 _aСпортсмены
_jУчебные издания для высших учебных заведений
_xАнатомо-физиологические особенности
_9968293
_3RU\NLR\auth\6643877
686 _aЧ510.1я73-1
_2rubbk
686 _aЧ510.1я73
701 1 _aКрасников
_bЮ. А.
_gЮрий Александрович
_4070
701 1 _aКацук
_bЛ. Н.
_gЛюдмила Николаевна
_4070
701 1 _aКозявина
_bН. В.
_gНина Валентиновна
_4070
801 0 _aRU
_bRuMoRKP
_c20120910
_grcr
801 1 _aRU
_bРГБ
_c20120910
801 2 _aRU
_bNLR
_c20121002
_grcr
830 _aавт. по кн.
942 _cBOOK
980 _aNBR